Marketing, (Record no. 6233)

MARC details
005 - DATE AND TIME OF LATEST TRANSACTION
control field 20250629093954.0
020 ## - INTERNATIONAL STANDARD BOOK NUMBER
International Standard Book Number 0-07-365645-3
082 ## - DEWEY DECIMAL CLASSIFICATION NUMBER
Classification number 658.8 MAR.
111 ## - MAIN ENTRY--MEETING NAME
Meeting name or jurisdiction name as entry element MARKETING.
245 ## - TITLE STATEMENT
Title Marketing,
250 ## - EDITION STATEMENT
Edition statement 6th Ed.
260 ## - PUBLICATION, DISTRIBUTION, ETC.
Place of publication, distribution, etc. New York,
Name of publisher, distributor, etc. Mc Graw Hill Irwin Education,
Date of publication, distribution, etc. 2000.
300 ## - PHYSICAL DESCRIPTION
Extent xxxi.; 714p.; Ill.; picture
Other physical details Glossary, & Index,
Dimensions 27cm.
700 ## - ADDED ENTRY--PERSONAL NAME
Other authors/Editors BERKOWITZ, N. E.
942 ## - ADDED ENTRY ELEMENTS (KOHA)
Source of classification or shelving scheme Dewey Decimal Classification
Koha item type Books
Holdings
Date last seen Total checkouts Full call number Barcode Cost, replacement price Price effective from Koha item type Lost status Source of classification or shelving scheme Damaged status Not for loan Withdrawn status Home library Current library Shelving location Date acquired Cost, normal purchase price
06/29/2025   658.8MAR DOM0004113 210000.00 06/29/2025 Books   Dewey Decimal Classification       CBE Dodoma CBE Dodoma General Collection 06/29/2005 70000.00
06/29/2025   658.8MAR DOM0004112 210000.00 06/29/2025 Books   Dewey Decimal Classification       CBE Dodoma CBE Dodoma General Collection 06/29/2005 70000.00
06/29/2025   658.8 MAR DOM0003958 210000.00 06/29/2025 Books   Dewey Decimal Classification       CBE Dodoma CBE Dodoma General Collection 06/03/2009 70000.00
06/29/2025   658.8 MAR DOM0004462 150000.00 06/29/2025 Books   Dewey Decimal Classification       CBE Dodoma CBE Dodoma General Collection 06/29/2017 50000.00